Islamic resrgence in the Arab World (Record no. 1455785)

MARC details
000 -LEADER
fixed length control field 00527nam a2200193Ia 4500
005 - DATE AND TIME OF LATEST TRANSACTION
control field 20250923145807.0
008 - FIXED-LENGTH DATA ELEMENTS--GENERAL INFORMATION
fixed length control field 008 250917s9999 xx 000 0 eng d
037 ## - SOURCE OF ACQUISITION
Stock number Textual
040 ## - CATALOGING SOURCE
Original cataloging agency DSWL
Language of cataloging eng
Transcribing agency DSWL
041 ## - LANGUAGE CODE
Language code of text/sound track or separate title eng
Source of code eng
084 ## - COLON CLASSIFICATION NUMBER
Classification number Q7x.46, N82
Assigning agency DSWL
245 #0 - TITLE STATEMENT
Title Islamic resrgence in the Arab World
Statement of responsibility, etc. Ed. by A.H.Dessouki
260 ## - PUBLICATION, DISTRIBUTION, ETC.
Place of publication, distribution, etc. New York
Name of publisher, distributor, etc. Pragger
Date of publication, distribution, etc. 1982
300 ## - PHYSICAL DESCRIPTION
Extent xii,274p.
365 ## - TRADE PRICE
Price type code USD
Price amount 43.75
925 ## -
-- 43.75
942 ## - ADDED ENTRY ELEMENTS (KOHA)
Koha item type Textual
Classification part Q7x.46, N82
Holdings
Withdrawn status Lost status Damaged status Not for loan Home library Current library Date acquired Source of acquisition Inventory number Total Checkouts Full call number Barcode Date last seen Price effective from Koha item type
        Department of Social Work Library Department of Social Work Library 2025-09-23 Selection Book Distubutor 589/30.3.88   Q7x.46, N82 SW0023559 2025-09-23 2025-09-23 Textual
Copyright @ Delhi University Library System